Arkham Series - Gadgets - Statistics

General Stats
  • This quiz has been taken 452 times
  • The average score is 23 of 80
Answer Stats
Character Answer % Correct
Batman Batarang
91%
Azrael Batarang
91%
Batman BatClaw
68%
Azrael BatClaw
68%
Robin Explosive Gel
64%
Nightwing Explosive Gel
64%
Batman Explosive Gel
64%
Azrael Explosive Gel
64%
Catwoman Whip
58%
Batman Freeze Blast
57%
Azrael Freeze Blast
57%
Batman Line Launcher
56%
Batman Remote Control Batarang
42%
Nightwing Remote Electrical Charge
37%
Batman Remote Electrical Charge
37%
Azrael Remote Electrical Charge
37%
Joker Ace of Spades
36%
Catwoman Bola
36%
Nightwing Disruptor
36%
Batman Disruptor
36%
Azrael Disruptor
36%
Batman Smoke Bomb
35%
Azrael Smoke Bomb
35%
Red Hood Grapnel Gun
33%
Robin Shuriken
33%
Bruce Wayne Shuriken
33%
Batman Cryptographic Sequencer
32%
Batman Grapnel Gun
32%
Batman Sonic Batarang
32%
Robin Zip Kick
32%
Bruce Wayne Zip-Kick
32%
Red Hood Zip-Kick
32%
Robin Bo Staff
31%
Deathstroke Bo Staff
31%
Bruce Wayne Caltrops
31%
Catwoman Caltrops
31%
Batman Glue Grenade
31%
Robin Bullet Shield
29%
Robin Grapnel Gun
28%
Nightwing Grapnel Gun
28%
Deathstroke Grapnel Gun
28%
Robin Remote Hacking Device
27%
Batman Remote Hacking Device
27%
Joker Joker Teeth
25%
Batman Ultra BatClaw
25%
Joker X-Ray Spectacles
23%
Nightwing Voice Synthesizer
20%
Batman Voice Synthesizer
20%
Catwoman Thief Vision
19%
Bruce Wayne Concentration
18%
Robin Detective Mode
18%
Nightwing Detective Mode
18%
Batman Detective Mode
18%
Azrael Detective Mode
18%
Red Hood Detective Mode
18%
Harley Quinn Psychosis Mode
18%
Batman Remote Claw
18%
Deathstroke Remote Claw
18%
Deathstroke Tactical Vision
18%
Nightwing Escrima Sticks
16%
Batman Multiple Batarangs
15%
Batman Shock Gloves
15%
Harley Quinn Baseball Bat
14%
Robin Snap-Flash
14%
Deathstroke Flashbang
13%
Red Hood Flashbang
13%
Nightwing Wing-Ding
13%
Harley Quinn Laughing Gas
12%
Red Hood Handguns
11%
Catwoman Clawed Gloves
10%
Batman Concussion Detonator
9%
Nightwing Wrist Darts
7%
Harley Quinn Snare Trap
5%
Batman Thermal Gloves
4%
Batman Batscanner
2%
Joker Dart Gun
1%
Bruce Wayne Kujiki Bomb
1%
Deathstroke Neural pellet
1%
Harley Quinn Jack-in-a-Box Bomb
0%
Deathstroke Proximity Bomb
0%
No matching quizzes found
Score Distribution
Percent of People with Each Score
Percentile by Number Answered
Your Score History
You have not taken this quiz